Statistics for NBA 2k16 Best Cards

Click here to take the quiz!

General Stats

  • This quiz has been taken 2,717 times
  • The average score is 15 of 28

Answer Stats

Rating Card Type Player % Correct
99Game Reward'96 Michael Jordan
95%
98MVP'91 Michael Jordan
95%
99#TBT'12 LeBron James
94%
97MVP'13 LeBron James
94%
99Moments'16 Kobe Bryant
88%
98#TBT'06 Kobe Bryant
88%
97MVP'08 Kobe Bryant
88%
97DynamicStephen Curry
84%
98All-Star'92 Magic Johnson
60%
97Game Reward'90 Magic Johnson
60%
97Game Reward'72 Kareem Abdul-Jabbar
59%
97All-Star'00 Shaquille O'Neal
53%
98#TBT'03 Tim Duncan
50%
97Game Reward'85 Larry Bird
49%
98#TBT'06 Dwyane Wade
43%
97MVP'60 Wilt Chamberlain
42%
98Game Reward'90 Hakeem Olajuwon
42%
97#TBT'15 Kyrie Irving
35%
97Game Reward'60 Bill Russell
34%
97MVP'64 Bill Russell
34%
97#TBT'05 Kevin Garnett
29%
97#TBT'04 Dirk Nowitzki
28%
97#TBT'14 Carmelo Anthony
27%
97Game Reward'90 John Stockton
27%
97#TBT'01 Vince Carter
25%
97MVP'74 Julius Erving
24%
97Moments'16 Anthony Davis
23%

Score Distribution

Percentile by Number Answered

Percent of People with Each Score

Your Score History

You have not taken this quiz